| 000 | 00919cam a22002535a 4500 | ||
|---|---|---|---|
| 001 | 18349072 | ||
| 005 | 20160510150009.0 | ||
| 008 | 141024t2015 gw a frb 001 0 eng d | ||
| 020 | _a9783662447994 | ||
| 040 |
_aDLC _beng _cDLC _dEG-ScBUE |
||
| 082 | 0 | 4 |
_222 _a617.63 _bPLA |
| 245 | 0 | 0 |
_aPlanning and care for children and adolescents with dental enamel defects : _baetiology, research and contemporary management / _ceditors Bernadette K. Drummond, Nicola Kilpatrick. |
| 260 |
_aHeidelberg : _bSpringer, _cc.2015. |
||
| 300 |
_axvi, 175 p. : _bill. ; _c24 cm. |
||
| 500 | _aIndex : p. 171-175. | ||
| 504 | _aIncludes bibliographical references. | ||
| 650 | 7 |
_2BUEsh _939506 _aPedodontics. |
|
| 650 | 7 |
_aTeeth _xAbnormalities. _2BUEsh _939955 |
|
| 653 |
_bDDent _cMay2016 |
||
| 700 | 1 |
_aDrummond, Bernadette K., _eeditor. _939954 |
|
| 700 | 1 |
_aKilpatrick, Nicola, _eeditor. |
|
| 942 | _2ddc | ||
| 999 |
_c21725 _d21697 |
||